Memòria : 1983-1987 / [Ajuntament de] Molins de Rei] 1983-1987 / [Ajuntament de] Molins de Rei]
Descripción Física:
55 p. . il. ; 30 cm
Materias:
Molins de Rei. Ajuntament -- Memòries
MARC
| LEADER | 00000nam a2200000Ia 4500 | ||
|---|---|---|---|
| 001 | 6308 | ||
| 008 | 160829s9999 xx 000 0 cat d | ||
| 080 | |a M-3-324 | ||
| 110 | 1 | |a Molins de Rei (Catalunya). |b Ajuntament |9 53926 | |
| 245 | |a Memòria : |b 1983-1987 / [Ajuntament de] Molins de Rei] | ||
| 260 | |a Molins de Rei : |b Àrea de Comunicació i Relacions de l'Ajuntament, DL 1986 | ||
| 300 | |a 55 p. . il. ; |c 30 cm | ||
| 650 | |a Molins de Rei. Ajuntament |x Memòries |9 25142 | ||
| 901 | |a Arxiu | ||
| 942 | |n 1 | ||
| 952 | |0 0 |1 0 |4 0 |6 M3324 |7 1 |9 43467 |a Arxiu |b Arxiu |d 2016-12-01 |l 0 |o M-3-324 |p 6308 |r 2016-12-01 00:00:00 |w 2016-12-01 |y ARXIU | ||
| 999 | |c 46013 |d 46013 | ||